| 000 | 00485nam a22001695i 4500 | ||
|---|---|---|---|
| 001 | 48139 | ||
| 003 | ES-MaACL | ||
| 005 | 20230906161712.0 | ||
| 007 | t| | ||
| 008 | 950706s1887 fr ||||1| fre d | ||
| 040 |
_aCAM _bspa _cCAM |
||
| 100 | 1 |
_aChampion, Edme. _937922 |
|
| 245 | 1 | 0 |
_aEsprit de la Révolution Francaise / _cEdme Champion. |
| 260 |
_aParis : _bC. Reinwald, _c1887 ( _fTypographie Firmin-Didot) |
||
| 300 |
_a[4], 360, [2] p. ; _c19 cm. |
||
| 852 |
_aES-MaACL _jF-10006 |
||
| 999 |
_c48139 _d48139 |
||